000 00996nas a2200289 4500
001 BR9207003
003 BR-BrBNA
005 20231205100445.0
007 ta
008 230509b bl.|||p| |||| 00| 00por d
040 _aBR-BrBNA
_bpor
_cBiblioteca Nacional de Agricultura
041 _a(Pt)
072 _aF04; F61
100 1 _aTakashashi, H.W.
100 1 _aDechen, A.R.
100 1 _aCarmello, Q.A. de
100 1 _aHaag, H.P.
245 1 _aNutricao mineral de hortalicas. 75. Doses de calcio afetando o crescimento e concentracao de macro e micronutrientes de salssao (Apium graveolens L. va. Dulce)nos cultivares Goden Detroit e Cornell 6-19
650 _aAipo
650 _aCalcio
650 _aFertilizante
650 _aMacroelemento
650 _aMicroelemento
773 0 _tAnais da Escola Superior de Agricultura Luiz de Queiroz (Brazil)
_xISSN 0071-1276
_g(1987), v. 44(2) p. 1473-1501
_wBR9207003
909 _a202311
_bLúcia
_c55
_dLúcia Elande
942 _2AGRIS
_n0
_cANA
999 _c156128
_d156128